[Event "SVK-ch U18"]
[Site "Sliac"]
[Date "2011.04.01"]
[Round "3"]
[White "Matus, David"]
[Black "Diviak, Peter"]
[Result "1-0"]
[WhiteElo "1701"]
[BlackElo "1618"]
[PlyCount "49"]
[EventDate "2011.03.31"]
[EventType "swiss"]
[EventRounds "9"]
[EventCountry "SVK"]
[SourceTitle "CBM 141 Extra"]
[Source "ChessBase"]
[SourceDate "2011.05.03"]
[SourceVersion "1"]
[SourceVersionDate "2011.05.03"]
[SourceQuality "1"]

1. e4 e5 2. Nf3 Nc6 3. Bb5 Nf6 4. d3 d6 5. h3 Bd7 6. Bc4 h6 7. Nc3 a6 8. a3 Be7 9. Nd5 0-0 10. b4 b5 11. Ba2 Re8 12. Bb2 Bf8 13. Nd2 Be6 14. 0-0 Bxd5 15. exd5 Ne7 16. c4 c6 17. dxc6 Nxc6 18. cxb5 axb5 19. Ne4 Nxe4 20. dxe4 Qf6 21. Bd5 Rac8 22. Qd3 Na7 23. a4 Rb8 24. axb5 Nxb5 25. Bc6 1-0

[Event "SVK-chT3A2 1011"]
[Site "Slovakia"]
[Date "2010.10.31"]
[Round "2.5"]
[White "Matus, David"]
[Black "Nemsak, Denis"]
[Result "0-1"]
[WhiteElo "1756"]
[BlackElo "1791"]
[PlyCount "36"]
[EventDate "2010.10.17"]
[EventType "team-tourn"]
[EventRounds "11"]
[EventCountry "SVK"]
[SourceTitle "EXT 2012"]
[Source "ChessBase"]
[SourceDate "2011.11.24"]
[SourceVersion "1"]
[SourceVersionDate "2011.11.24"]
[SourceQuality "1"]
[WhiteTeam "Dunajska Streda SK III"]
[BlackTeam "Piestany Kupele II"]
[WhiteTeamCountry "SVK"]
[BlackTeamCountry "SVK"]

1. e4 d5 2. exd5 Nf6 3. c4 e6 4. dxe6 Bxe6 5. Nf3 Nc6 6. Nc3 Bc5 7. Be2 Qd7 8. a3 a5 9. b3 Rd8 10. Bb2 0-0 11. Nb5 Bg4 12. d3 Bxf3 13. gxf3 Nh5 14. Qd2 Rfe8 15. Rd1 Rxe2+ 16. Kxe2 Re8+ 17. Kf1 Qh3+ 18. Kg1 Re6 0-1

[Event "SVK-chT3A2 0910"]
[Site "Slovakia"]
[Date "2010.01.31"]
[Round "7.7"]
[White "Holicky, Miroslav"]
[Black "Matus, David"]
[Result "1-0"]
[WhiteElo "1801"]
[BlackElo "1530"]
[PlyCount "77"]
[EventDate "2009.10.18"]
[EventType "team-tourn"]
[EventRounds "11"]
[EventCountry "SVK"]
[SourceTitle "EXT 2011"]
[Source "ChessBase"]
[SourceDate "2010.11.26"]
[SourceVersion "1"]
[SourceVersionDate "2010.11.26"]
[SourceQuality "1"]
[WhiteTeam "Trnava III"]
[BlackTeam "Dunajska Streda SK III"]
[WhiteTeamCountry "SVK"]
[BlackTeamCountry "SVK"]

1. e4 e5 2. Nf3 Nc6 3. Bb5 a6 4. Ba4 b5 5. Bb3 Nf6 6. 0-0 d6 7. Ng5 d5 8. exd5 Nxd5 9. Qf3 Be6 10. Nxe6 fxe6 11. c3 Be7 12. g3 Bf6 13. a4 Na5 14. Bc2 0-0 15. d3 c6 16. Nd2 Nb7 17. Ne4 Be7 18. Qg4 Nc7 19. Be3 Qd7 20. Rad1 Nd6 21. d4 Nxe4 22. Qxe4 g6 23. dxe5 Qe8 24. Qg4 Rd8 25. Bb6 Rxd1 26. Rxd1 Bd8 27. Bb3 Kg7 28. Bxc7 Bxc7 29. Bxe6 Bxe5 30. Rd7+ Kf6 31. Bb3 h5 32. Qf3+ Kg5 33. h4+ Kh6 34. Qe3+ Bf4 35. Qxe8 Rxe8 36. gxf4 Re2 37. Bg8 g5 38. f5 gxh4 39. f6 1-0

[Event "SVK-chT3A2 0910"]
[Site "Slovakia"]
[Date "2009.10.24"]
[Round "2.6"]
[White "Matus, David"]
[Black "Bartos, Bohumil"]
[Result "1/2-1/2"]
[WhiteElo "1530"]
[BlackElo "1572"]
[PlyCount "28"]
[EventDate "2009.10.18"]
[EventType "team-tourn"]
[EventRounds "11"]
[EventCountry "SVK"]
[SourceTitle "EXT 2011"]
[Source "ChessBase"]
[SourceDate "2010.11.26"]
[SourceVersion "1"]
[SourceVersionDate "2010.11.26"]
[SourceQuality "1"]
[WhiteTeam "Dunajska Streda SK III"]
[BlackTeam "Skalica II"]
[WhiteTeamCountry "SVK"]
[BlackTeamCountry "SVK"]

1. e4 e5 2. Nf3 Nc6 3. Bb5 a6 4. Bxc6 dxc6 5. Nc3 Bd6 6. 0-0 Be6 7. d4 f6 8. dxe5 Bxe5 9. Nxe5 Qxd1 10. Rxd1 fxe5 11. Bg5 Nf6 12. Rd3 Bc4 13. Rf3 Rf8 14. b3 Be6 1/2-1/2

[Event "SVK-ch U14"]
[Site "Liptovsky Mikulas"]
[Date "2007.04.27"]
[Round "9"]
[White "Veselovsky, Michal"]
[Black "Matus, David"]
[Result "1-0"]
[WhiteElo "1369"]
[BlackElo "1350"]
[PlyCount "91"]
[EventDate "2007.04.22"]
[EventType "swiss"]
[EventRounds "9"]
[EventCountry "SVK"]
[SourceTitle "EXT 2008"]
[Source "ChessBase"]
[SourceDate "2007.11.25"]
[SourceVersion "1"]
[SourceVersionDate "2007.11.25"]
[SourceQuality "1"]

1. e4 e5 2. Nf3 Nc6 3. Bc4 Bc5 4. Nc3 Nf6 5. d3 0-0 6. Bg5 Bb4 7. 0-0 Bxc3 8. bxc3 h6 9. Bh4 d6 10. h3 Be6 11. Bb3 g5 12. Nxg5 hxg5 13. Bxg5 Kg7 14. Qf3 Rh8 15. Qg3 Kf8 16. f4 Nh5 17. Qh4 Qd7 18. fxe5 Nxe5 19. Bxe6 Qxe6 20. d4 Ng6 21. Qe1 Ke8 22. Rb1 b6 23. Qf2 Rf8 24. Rbe1 Kd7 25. g4 Ng7 26. Bh6 Rg8 27. Qxf7+ Qxf7 28. Rxf7+ Ke6 29. Rxg7 Rxg7 30. Bxg7 Nf4 31. Kh2 d5 32. exd5+ Kxd5 33. Kg3 Ne6 34. Be5 c5 35. Bf4 Nxf4 36. Kxf4 cxd4 37. g5 dxc3 38. g6 Rf8+ 39. Kg5 Rf2 40. g7 Rxc2 41. Rg1 Kd4 42. g8Q Rb2 43. Qg7+ Kd3 44. Rg3+ Ke2 45. Qxc3 Rxa2 46. Rg2+ 1-0